Manuel de recherche en sciences sociales (notice n° 2198787)

détails MARC
000 -LEADER
fixed length control field 00977cam a2200157 4500500
005 - DATE AND TIME OF LATEST TRANSACTION
control field 20260405085605.0
041 ## - LANGUAGE CODE
Language code of text/sound track or separate title fre
042 ## - AUTHENTICATION CODE
Authentication code dc
100 10 - MAIN ENTRY--PERSONAL NAME
Personal name Marquet, Jacques
Relator term author
245 00 - TITLE STATEMENT
Title Manuel de recherche en sciences sociales
260 ## - PUBLICATION, DISTRIBUTION, ETC.
Name of publisher, distributor, etc. Armand Colin,<br/>
Date of publication, distribution, etc. 2022.<br/>
520 ## - SUMMARY, ETC.
Summary, etc. La 6ème édition de cet ouvrage décompose les différentes étapes de la recherche en sciences sociales, offre un panorama complet et actualisé des techniques et méthodes disponibles et propose de nombreux travaux d’application.Afin de tenir compte de l'évolution très rapide des dispositifs pédagogiques, elle s'accompagne de compléments en ligne : questionnaires à critiquer, corpus d'entretiens à analyser, fichiers documentaires thématiques, exercices.
700 10 - ADDED ENTRY--PERSONAL NAME
Personal name Van Campenhoudt, Luc
Relator term author
700 10 - ADDED ENTRY--PERSONAL NAME
Personal name Quivy, Raymond
Relator term author
856 41 - ELECTRONIC LOCATION AND ACCESS
Uniform Resource Identifier <a href="https://shs.cairn.info/manuel-de-recherche-en-sciences-sociales--9782200633950?lang=fr&redirect-ssocas=7080">https://shs.cairn.info/manuel-de-recherche-en-sciences-sociales--9782200633950?lang=fr&redirect-ssocas=7080</a>

Pas d'exemplaire disponible.

PLUDOC

PLUDOC est la plateforme unique et centralisée de gestion des bibliothèques physiques et numériques de Guinée administré par le CEDUST. Elle est la plus grande base de données de ressources documentaires pour les Étudiants, Enseignants chercheurs et Chercheurs de Guinée.

Adresse

627 919 101/664 919 101

25 boulevard du commerce
Kaloum, Conakry, Guinée

Réseaux sociaux

Powered by Netsen Group @ 2025